Periodic Table Elements named after Places - Sudden Death - Statistics

General Stats
  • This quiz has been taken 61 times
    52 since last reset
  • The average score is 7 of 18
Answers on the Grid
Answers color-coded by a green-red scale on the quiz's grid according to % correct below.
Indium
Francium
Lutetium
Germanium
Palladium
Oxygen
Tellurium
Meitnerium
Americium
Europium
Lawrencium
Darmstadtium
Seaborgium
Strontium
Flerovium
Scandium
Gadolinium
Hassium
Hafnium
Yttrium
Samarium
Ytterbium
Ruthenium
Oganesson
Moscovium
Dubnium
Berkelium
Nihonium
Tantalum
Vanadium
 
Answer Stats
Answer % Correct
Germanium
88%
Francium
78%
Indium
75%
Americium
65%
Europium
63%
Moscovium
50%
Darmstadtium
48%
Scandium
43%
Lutetium
35%
Dubnium
30%
Nihonium
30%
Berkelium
28%
Ytterbium
20%
Hassium
18%
Yttrium
18%
Ruthenium
13%
Hafnium
10%
Strontium
10%
No matching quizzes found
Score Distribution
Percent of People with Each Score
Percentile by Number Answered
Your Score History
You have not taken this quiz since the last reset